| 000 | 00535nam a2200181 a 4500 | ||
|---|---|---|---|
| 005 | 20140412111329.0 | ||
| 008 | 030110s19uu xx 00 eng d | ||
| 020 | _a0-538-05710-6 | ||
| 050 |
_aTR(GS 651.74 _bV254 1987 |
||
| 100 | _aVanHuss, Susie H. | ||
| 245 |
_aBasic letter and memo writing / _cSusie H. VanHuss. |
||
| 250 | _a2nd Ed. | ||
| 260 |
_aCincinati, Ohio : _bSouth-Western Publishing Co, _c1987. |
||
| 300 | _a202 p. ; ill. | ||
| 650 | _aBusiness correspondence | ||
| 650 | _aWritten communication | ||
| 999 |
_c104855 _d104855 |
||